LEADER 00911nam0-2200325---450- 001 990008786010403321 005 20081229131430.0 010 $a88-7946-176-1 035 $a000878601 035 $aFED01000878601 035 $a(Aleph)000878601FED01 035 $a000878601 100 $a20081229d2000----km-y0itay50------ba 101 1 $aita 102 $aIT 105 $aa-------001yy 200 1 $aCome motivare gli alunni difficili$eStrategie cognitive e relazioni$fBarbara McCombs, James Pope 210 $aTrento$cErickson$d2000 215 $a129 p.$cill.$d24 cm 225 1 $aGuide per l'educazione 676 $a154$v19 702 1$aMcCombs,$bBarbara L. 702 1$aPope,$bJames 801 0$aIT$bUNINA$gRICA$2UNIMARC 901 $aBK 912 $a990008786010403321 952 $aA 2/21$bs. i.$fDMNUP 959 $aDMNUP 996 $aCome motivare gli alunni difficili$9809295 997 $aUNINA LEADER 01710nam 2200385Ia 450 001 996385837303316 005 20200824132042.0 035 $a(CKB)1000000000608114 035 $a(EEBO)2240943749 035 $a(OCoLC)ocm12102375e 035 $a(OCoLC)12102375 035 $a(EXLCZ)991000000000608114 100 $a19850531d1669 uy | 101 0 $aeng 135 $aurbn||||a|bb| 200 14$aThe history of the three late, famous impostors, viz. Padre Ottomano, Mahomed Bei and Sabatai Sevi$b[electronic resource] $ethe one, pretended son and heir to the late Grand Signior, the other, a prince of the Ottoman family, but in truth, a Valachian counterfeit, and the last, the suppos'd Messiah of the Jews, in the year of the true Messiah, 1666 : with a brief account of the ground and occasion of the present war between the Turk and the Venetian : together with the cause of the final extirpation, destruction and exile of the Jews out of the Empire of Persia 210 $aIn the Savoy $cPrinted for Henry Herringman ...$d1669 215 $a[16], 126 p 300 $a"The epistle dedicatory" signed: J.E. 300 $aAttributed to John Evelyn. Cf. BM. 300 $aReproduction of original in Huntington Library. 330 $aeebo-0113 606 $aJews$zIran 607 $aVenice (Italy)$xHistory$yTurkish Wars, 17th century 615 0$aJews 700 $aEvelyn$b John$f1620-1706.$0168010 801 0$bEAA 801 1$bEAA 801 2$bm/c 801 2$bEAA 801 2$bWaOLN 906 $aBOOK 912 $a996385837303316 996 $aThe history of the three late, famous impostors, viz. Padre Ottomano, Mahomed Bei and Sabatai Sevi$92330942 997 $aUNISA